000 03570nam a22002777a 4500
003 OSt
005 20251121123540.0
007 ta
008 201029b 2006 dr 00| 0 eng d
040 _aDO-SdBNP
_bspa
_cBNPHU
082 4 _a345.05
_bR426c, 2006
_222
110 1 _aRepública Dominicana.
_bComisionado de Apoyo a la Reforma y Modernización de la Justicia
_917179
245 1 0 _aCompendio de la normativa procesal penal /
_c presentación Alejandro Moscoso Segarra ; prólogo César Pina Toribio
246 0 4 _aCompendio de la normativa procesal penal dominicana
250 _a2a. ed. ampliada
260 _aSanto Domingo :
_bCAMJ,
_c2006.
300 _a564 p. ;
_c22 cm.
505 0 _aPresentación --
_tPrólogo --
_tLey No. 76 /02 que establece el código procesal penal de la republica dominicana --
_tLey No. 278 / 04 sobre la implementación del proceso penal instituido por la ley No.76 -- 02
_t Ley No.78 /03 que aprueba el estatuto del ministerio público --
_tLey No. 277/ 04 que crea el servicio nacional de defensa publica --
_tLey No. 96 /04 ley institucional de la policía nacional --
_tDecretos
_tDec. No. 420 / 02 que crea la comisión nacional de ejecución --
_tDec. No. 644 / 03 que aprueba el reglamento de integración del consejo general de procuradores --
_tDec. No. 873 / 04 que dispone que los miembros del ministerio público tendrán carácter de provisionales y podrán ser sustituidos por el presidente de la república en cualquier momento --
_tDec. No. 1154/ 04 que modifica el artículo 1 del decreto no. 420 -- 02, de fecha 6 de julio del 2002, integra nuevamente la comisión nacional de ejecución de la reforma procesal penal --
_tDec. No. 318-05 que le otorga la condición de vicepresidente ejecutivo de la (CONAE al Comisionado de Apoyo a la Reforma y Modernización de la justicia e integra a la defensa pública como miembro del pleno de la comisión --
_tDec. No. 09-06 que aprueba el reglamento de la carrera del ministerio público --
_tResoluciones Suprema Corte de Justicia
_t Resolución No. 1920 /03 sobre medidas anticipadas --
_t Resolución No. 296-2005 reglamento del juez de ejecución de las penas --
_t Resolución No. 1731-2005 reglamento sobre medidas de coerción y celebración de audiencias durante la etapa preparatoria --
_t Resolución No. 1732-2005 reglamento para la tramitación de notificaciones, citaciones y comunicaciones judiciales --
_t Resolución No. 1733-2005 reglamento para el funcionamiento de la oficina judicial de servicios de atención permanente
_t Resolución No. 1734-2005 reglamento para la gestión administrativa de los secretarios (as) de los tribunales al amparo del código procesal penal --
_t Resolución No. 1735-2005 reglamento para los tribunales colegiados de primera instancia --
_tProcuraduría general de la República
_t Resolución No. 14786-03 sobre pautas al Ministerio Publico --
_t Resolución No. 12437-04 sobre criterio de oportunidad en casos de tránsito --
_t Resolución No.14383-2005 que crea el reglamento operativo de las oficinas de control de evidencias dell Ministerio Publico --
_t Resolución No.14390-2005 que crea la unidad de custodia y administración de bienes incautados del Ministerio Publico --
590 _aInventariado, 2021 / DG
650 4 0 _aDerecho penal
_917405
_zRepública Dominicana
650 4 0 _aProcedimiento penal
_zRepública Dominicana
_9554
700 1 _aPina Toribio, César
_epról.
_916867
700 1 _aMoscoso Segarra, Alejandro A
_d1964-
_962241
910 _aValidado. Control de calidad MFF
942 _2ddc
_cLBS1
999 _c48979
_d48979